Normal view MARC view
  • Edinburgh (Scotland)

Entry Geographic Name

Number of records used in: 2

001 - CONTROL NUMBER

  • control field: 10333

003 - CONTROL NUMBER IDENTIFIER

  • control field: NUST

005 - DATE AND TIME OF LATEST TRANSACTION

  • control field: 20180521044647.0

008 - FIXED-LENGTH DATA ELEMENTS

  • fixed length control field: 180521|| aca||aabn | a|a d

040 ## - CATALOGING SOURCE

  • Original cataloging agency: NUST
  • Transcribing agency: NUST

151 ## - HEADING--GEOGRAPHIC NAME

  • Geographic name: Edinburgh (Scotland)
  • Form subdivision: Fiction.

670 ## - SOURCE DATA FOUND

  • Source citation: Work cat.: (NUST)234821: McCall Smith, Alexander, 1948- 10330, The Sunday Philosophy Club /, 2004
© 2023 Central Library, National University of Sciences and Technology. All Rights Reserved.